Pasos sobre el fuego / (Record no. 109787)

MARC details
000 -LEADER
campo de control de longitud fija 00662nam a2200205 4500
001 - NÚMERO DE CONTROL
campo de control 109787
003 - IDENTIFICADOR DE NÚMERO DE CONTROL
campo de control ES-MaACL
005 - FECHA Y HORA DE LA ÚLTIMA TRANSACCIÓN
campo de control 20230906184918.0
007 - CAMPO FIJO DE DESCRIPCIÓN FÍSICA--INFORMACIÓN GENERAL
campo de control de longitud fija t|
008 - DATOS DE LONGITUD FIJA--INFORMACIÓN GENERAL
campo de control de longitud fija 061121s1965 sp r ||||1| spa d
100 1# - ENTRADA PRINCIPAL--NOMBRE DE PERSONA
Nombre de persona Muñoyerro, José Luis.
9 (RLIN) 84285
245 10 - MENCIÓN DEL TÍTULO
Título Pasos sobre el fuego /
Mención de responsabilidad, etc. José Luis Muñoyerro; portada e ilustraciones de Marichu de Urreta.
260 ## - PUBLICACIÓN, DISTRIBUCIÓN, ETC.
Lugar de publicación, distribución, etc. Pamplona :
Nombre del editor, distribuidor, etc. Gómez,
Fecha de publicación, distribución, etc. 1965.
300 ## - DESCRIPCIÓN FÍSICA
Extensión 120 p. ;
Dimensiones 20 cm.
490 1# - MENCIÓN DE SERIE
Mención de serie Peregrinos vascos a Compostela ;
Designación de volumen o secuencia 11
700 1# - ENTRADA AGREGADA--NOMBRE PERSONAL
Nombre de persona Urreta, Marichu.
9 (RLIN) 112231
830 0# - PUNTO DE ACCESO ADICIONAL DE SERIE-TÍTULO UNIFORME
Título uniforme Peregrinos vascos a Compostela ;
Designación de volumen o secuencia 11
9 (RLIN) 232990
852 ## - LOCALIZACIÓN
Ubicación ES-MaACL
Número de control de estantería C-27889
Sublocalización o colección R.57110
Holdings
Estatus retirado Estado de pérdida Estado de daño No para préstamo Biblioteca de origen Biblioteca actual Ubicación en estantería Fecha de adquisición Fuente de adquisición Total de préstamos Signatura topográfica completa Código de barras Visto por última vez Precio de reemplazo Tipo de ítem Koha
        Biblioteca del Ateneo de Madrid Biblioteca del Ateneo de Madrid Depósito 2 17/01/2008     C-27889 1114550 23/02/2023 23/02/2023 Libro impreso